1555 1578 1793 1715 1191 1894 1896 1134 1484 1516 1761 1889 1643 1371 1551 1068 1255 1865 1848 1724 1547 1025 1978 1074 1577 1533 1197 1962 1033 1921 1448 1691 1635 1751 1135 1522 1091 1124 1707 1530 1791 1622 1484 1827 1916 1101 1737 1066 1348 1855 1290 1165 1923 1451 1489 1914 1044 1266 1119 1045 1841 1398 1939 1950 1281 1771 1181 1955 1225 1734 1387 1995 1182 1961 1354 1337 1151 1773 1200 1378 1527 1053 1083 1812 1413 1023 1192 1231 1279 1677 1197 1829 1750 1439 1324 1431 1966 1560 1492 BCNSPRNW ULIB Ver.6.0+V

เปลี่ยนเป็นภาษาไทย

Change to English
 แสดงรายละเอียดบรรณานุกรม
  กลับหน้าหลัก

Brief Record : Get Marc (ISO 2709) : E-mail record : QR code < ปิดหน้าต่าง
LEADER : 00000nam 2200000uu 4500
001    13399120481
003     ULIB
008    120920s2552||||th 000 0 tha d
020    ^a9789749316474
060 04 ^aWB310^bพ698ก 2552
110 1  ^aสำนักงานคณะกรรมการสุขภาพแห่งชาติ
245 00 ^aก่อนวันผลัดใบ:หนังสือแสดงเจตนาการจากไปในวาระสุดท้าย /^c[บรรณาธิการ,ไพศาล ลิ้มสถิตย์,อภิราชย์ ขันธ์เสน]
250    ^aพิมพ์ครั้งที่ 2
260    ^a[กรุงเทพฯ] :^bสำนักงานคณะกรรมการสุขภาพแห่งชาติ,^c2552
300    ^a163 หน้า :^bภาพประกอบ.
500 สร ^aุปผลการสัมมนาข้อเสนอแนะและแนวปฏิบัติสมาคมเพื่อการวิจัยสเต็มเซลล์นานาชาติ คำแปลปฏิญญาเฮลซิงกิว่าด้วยหลักการจริยธรรมในการวิจัยทางการแพทย์ในมนุษย์ บทความกฎหมาย กฎหมายข้อบังคับที่เกี่ยวข้อง
650  7 ^aสเต็มเซลล์
700 0  ^aอภิราชย์ ขันธ์เสน,^eบรรณาธิการ
700 0  ^aไพศาล ลิ้มสถิตย์,^eบรรณาธิการ
710 2  ^aมหาวิทยาลัยธรรมศาสตร์. ^bคณะนิติศาสตร์.^bศูนย์กฎหมายสุขภาพและจริยศาสตร์
945    ^p0^l0^i16228
995    ^aกัณชพร
999 ^a ใช้งานได้ทุกระบบ
รายการนี้ยังไม่มีแท็ก
คุณยังไม่ได้ล็อกอิน คุณสามารถมีกิจกรรมร่วมกับเว็บไซต์ได้ แต่ต้องล็อกอินก่อน ::
  ล็อกอิน

รายการสื่อสารสนเทศ

ลำดับที่ ประเภท เลขเรียก/บาร์โค้ด สถานที่ สถานะ
1. วิทยาศาสตร์การแพทย์ และสุขภาพ
วิทยาศาสตร์การแพทย์ และสุขภาพ
สถานะ=หนังสือเก่า
WB310 พ698ก 2552  
  Barcode: 16228
ห้องสมุดวิทยาเขตนครสวรรค์
►ส่วนจัดเก็บหนังสือเก่า นว.
บนชั้น
  ขอยืม

รายการใกล้เคียง
    หัวเรื่อง [สเต็มเซลล์]

BibComment


ยังไม่เคยถูกคอมเมนท์

คอมเมนท์ทรัพยากรรายการนี้
  คอมเมนท์: ก่อนวันผลัดใบหนั..


 Copyright 2026. Bcnsprnw @Library